"Politika ma oslovuje" Jožo Ráž má pozoruhodné plány, s ktorými sa netají

Podrobná bibliografia
Hlavní autori: Čerňanská, Kveta (apd), Ráž, Jozef, 1954- (Autor, uin)
Médium: Článok
Jazyk:slovenčina
Fyzický popis:Fotogr.
Predmet:

MARC

LEADER 00000nab a2200000 a 4500
001 vtls000674237
003 SK-MaSNL
005 20260303210640.0
008 180205c1998 xo 0 slo
015 |a SNBRB1998/09-25319 
035 |a CLN000026413 
040 |a SNKBUCL  |b slo  |c SNKBUCL  |e AACR2 
041 0 |a slo 
044 |a xo  |c SK 
080 |a 78.071.1/.2:784.66  |2 UDC-MRF-SK2 
080 |a 784.66  |2 UDC-MRF-SK2 
100 1 |a Čerňanská, Kveta  |4 apd  |9 349243 
245 1 0 |a "Politika ma oslovuje"  |b Jožo Ráž má pozoruhodné plány, s ktorými sa netají  |c pripravila Kveta Čerňanská 
300 |b Fotogr. 
600 1 7 |a Ráž, Jozef,  |d 1954-  |2 snkbucl  |9 105493 
655 7 |a články z novín a časopisov  |2 snkbucl  |9 267496 
700 1 |a Ráž, Jozef,  |d 1954-  |4 aut  |4 uin  |9 105493 
773 0 |t Extra  |g Roč. 7, č. 39 (1998), s. 6 
850 |a Slovenská národná knižnica v Martine 
852 |a SNK  |b KIS3GCP 
958 |a RBX 
999 |c 2201073  |d 2203003